Водогрейные котлы и бойлеры (Запись № 1366809)
[ простой вид ]
| 000 -МАРКЕР | |
|---|---|
| контрольное поле | 01027nam0a2200289 4500 |
| 001 - ИДЕНТИФИКАТОР ЗАПИСИ | |
| контрольное поле | RU\NLR\bibl\541042 |
| 005 - ИДЕНТИФИКАТОР ВЕРСИИ | |
| контрольное поле | 20260407101638.0 |
| 021 ## - НОМЕР ГОСУДАРСТВЕННОЙ РЕГИСТРАЦИИ | |
| Код страны | российская федерация |
| Номер | 2004-35414 |
| Номер Листа государственной регистраци | 1777 |
| 035 ## - ДРУГИЕ СИСТЕМНЫЕ НОМЕРА | |
| Идентификатор записи | (NLR Aleph) 000533286 |
| 100 ## - ДАННЫЕ ОБЩЕЙ ОБРАБОТКИ | |
| Данные общей обработки | 20040720d2004 |||y0rusy50 ca |
| 101 0# - ЯЗЫК РЕСУРСА | |
| Язык текста, звукозаписи и т.д. | русский |
| 102 ## - СТРАНА ПУБЛИКАЦИИ ИЛИ ПРОИЗВОДСТВА | |
| Страна публикации | российская федерация |
| 105 ## - ПОЛЕ КОДИРОВАННЫХ ДАННЫХ: ТЕКСТОВЫЕ МАТЕРИАЛЫ, МОНОГРАФИЧЕСКИЕ | |
| Кодированные данные о монографическом текстовом документе | a ||||||||| |
| 200 1# - ЗАГЛАВИЕ И СВЕДЕНИЯ ОБ ОТВЕТСТВЕННОСТИ | |
| Основное заглавие | Водогрейные котлы и бойлеры |
| Сведения, относящиеся к заглавию | Кат. [ACV] 2003/2004 |
| 210 ## - ПУБЛИКАЦИЯ, РАСПРОСТРАНЕНИЕ И ДР. | |
| Место издания, распространения и т.д. | Б.м. |
| Имя издателя, распространителя и т. д. | Б.и. |
| Дата издания, распространения и т.д. | [2004] |
| 215 ## - ФИЗИЧЕСКАЯ ХАРАКТЕРИСТИКА | |
| Специфическое обозначение материала и объем | 80 с. |
| Другие сведения о физической характеристике | цв. ил. |
| Размеры | 30 |
| 606 0# - НАИМЕНОВАНИЕ ТЕМЫ КАК ПРЕДМЕТ | |
| Наименование темы | Водогрейные котлы |
| Формальный подзаголовок | Каталоги |
| Системный номер авторитетной/нормативной записи | 1272305 |
| Идентификатор авторитетной/нормативной записи | RU\NLR\auth\66206009 |
| 606 0# - НАИМЕНОВАНИЕ ТЕМЫ КАК ПРЕДМЕТ | |
| Наименование темы | Бойлеры |
| Формальный подзаголовок | Каталоги |
| Системный номер авторитетной/нормативной записи | 1174889 |
| Идентификатор авторитетной/нормативной записи | RU\NLR\auth\66154331 |
| 686 ## - ИНДЕКСЫ ДРУГИХ КЛАССИФИКАЦИЙ | |
| Индекс | З370.3-524.3я87 |
| 686 ## - ИНДЕКСЫ ДРУГИХ КЛАССИФИКАЦИЙ | |
| Индекс | З384-51я87 |
| 711 02 - НАИМЕНОВАНИЕ ОРГАНИЗАЦИИ - АЛЬТЕРНАТИВНАЯ ОТВЕТСТВЕННОСТЬ | |
| Материалы, к которым относится поле | rus |
| -- | eng |
| Начальный элемент ввода | ACV international |
| Идентифицирующий признак | компания |
| -- | Бельгия |
| Графика поля | Латинская |
| -- | Кириллица |
| Идентификатор авторитетной/нормативной записи | RU\NLR\AUTH\8810056178 |
| Системный номер авторитетной/нормативной записи | 613082 |
| 801 #0 - ИСТОЧНИК ЗАПИСИ | |
| Страна | российская федерация |
| Организация | NLR |
| Дата составления | 20040720 |
| Правила каталогизации | PSBO |
| 801 #1 - ИСТОЧНИК ЗАПИСИ | |
| Страна | российская федерация |
| Организация | NLR |
| Дата составления | 20040720 |
| 942 ## - ДОПОЛНИТЕЛЬНЫЕ ЭЛЕМЕНТЫ ЗАПИСИ (АБИС) | |
| Тип экземпляра АБИС | Книга |
| 980 ## - КОЛЛЕКЦИЯ | |
| Название коллекции | Национальная библиография |
| Тип экземпляра | Дата поступления | Источник поступления | Библиотека постоянного хранения | Библиотека текущего хранения | Место хранения | Шифр хранения | Штрих-код | Статус не для выдачи |
|---|---|---|---|---|---|---|---|---|
| Книга | 20.07.2004 | Обязательный экземпляр | РНБ (Московский) | РНБ (Московский) | Фонд нормативно-технических и технических документов | Пт 2004-2/56 | 1-681744 | |
| Книга | 20.07.2004 | Обязательный экземпляр | РНБ (Московский) | РНБ (Московский) | Фонд нормативно-технических и технических документов, подручный | Пт 2004-2/56 | 1-681745 |